Catalog

Record Details

Catalog Search



Advances in Computational Multibody Systems Cover Image E-book E-book

Advances in Computational Multibody Systems [electronic resource] / edited by Jorge A.C. Ambrósio.

Record details

  • ISBN: 9781402033933
  • Physical Description: VII, 370 p. online resource.
  • Publisher: Dordrecht : Springer Netherlands, 2005.
Subject: Engineering.
Mechanical engineering.
Engineering design.
Engineering.
Numerical and Computational Methods in Engineering.
Mechanical Engineering.
Engineering Design.
Facility Management.

Electronic resources


LDR 01528nam a22004215i 4500
00112027
003CONS
00520131216194025.0
007cr nn 008mamaa
008100301s2005 ne | s |||| 0|eng d
020 . ‡a9781402033933 ‡9978-1-4020-3393-3
0247 . ‡a10.1007/1-4020-3393-1 ‡2doi
035 . ‡a(DE-He213)978-1-4020-3393-3
050 4. ‡aQ342
072 7. ‡aUYQ ‡2bicssc
072 7. ‡aCOM004000 ‡2bisacsh
1001 . ‡aAmbrósio, Jorge A.C. ‡eeditor.
24510. ‡aAdvances in Computational Multibody Systems ‡h[electronic resource] / ‡cedited by Jorge A.C. Ambrósio.
264 1. ‡aDordrecht : ‡bSpringer Netherlands, ‡c2005.
300 . ‡aVII, 370 p. ‡bonline resource.
336 . ‡atext ‡btxt ‡2rdacontent
337 . ‡acomputer ‡bc ‡2rdamedia
338 . ‡aonline resource ‡bcr ‡2rdacarrier
347 . ‡atext file ‡bPDF ‡2rda
4901 . ‡aComputational Methods in Applied Sciences ; ‡v2
650 0. ‡aEngineering.
650 0. ‡aMechanical engineering.
650 0. ‡aEngineering design.
65014. ‡aEngineering.
65024. ‡aNumerical and Computational Methods in Engineering.
65024. ‡aMechanical Engineering.
65024. ‡aEngineering Design.
65024. ‡aFacility Management.
7102 . ‡aSpringerLink (Online service)
7730 . ‡tSpringer eBooks
77608. ‡iPrinted edition: ‡z9781402033926
830 0. ‡aComputational Methods in Applied Sciences ; ‡v2
85640. ‡uhttp://biblioteca.ipicyt.edu.mx:2048/login?url=http://dx.doi.org/10.1007/1-4020-3393-1 ‡yTexto completo ‡9CONS
950 . ‡aEngineering (Springer-11647)
901 . ‡a12027 ‡b ‡c12027 ‡tbiblio ‡sSystem Local

Additional Resources